Normal view
MARC view
- Macdonald, Ian,
Entry Personal Name
001 - CONTROL NUMBER
- control field: 4211
003 - CONTROL NUMBER IDENTIFIER
- control field: NUST
005 - DATE AND TIME OF LATEST TRANSACTION
- control field: 20170825103052.0
008 - FIXED-LENGTH DATA ELEMENTS
- fixed length control field: 170825|| aca||aabn | a|a d
040 ## - CATALOGING SOURCE
- Original cataloging agency: NUST
- Transcribing agency: NUST
100 ## - HEADING--PERSONAL NAME
- Personal name: Macdonald, Ian,
- Dates associated with a name: 1950 October 23-
670 ## - SOURCE DATA FOUND
- Source citation: Work cat.: (NUST)0: Macdonald, Ian, 1950 October 23-, Systems leadership :, c2006.
